| 000 | 02004cam a22001934a 4500 | ||
|---|---|---|---|
| 999 |
_c6644 _d6644 |
||
| 020 | _a0073655783 | ||
| 022 | _a9780073655789 | ||
| 050 | 0 | 0 |
_aQA76.758. _b.P75 |
| 100 | 1 | _aPressman, Roger S. | |
| 245 | 1 | 0 |
_aSoftware engineering : _ba practitioner's approach / _cRoger S. Pressman. |
| 250 | _a5th ed. | ||
| 260 |
_aBoston, Mass. : _bMcGraw Hill, _c2000. |
||
| 300 |
_axxvii, 860 p. : _bill. ; _c24 cm. |
||
| 440 | 0 | _aMcGraw-Hill series in computer science | |
| 500 | _aIncludes index. | ||
| 505 | _aPt. 1. The Product and the Process -- Ch. 1. The Product -- Ch. 2. The Process -- Pt. 2. Managing Software Projects -- Ch. 3. Project Management Concepts -- Ch. 4. Software Process and Project Metrics -- Ch. 5. Software Project Planning -- Ch. 6. Risk Analysis and Management -- Ch. 7. Project Scheduling and Tracking -- Ch. 8. Software Quality Assurance -- Ch. 9. Software Configuration Management -- Pt. 3. Conventional Methods for Software Engineering -- Ch. 10. System Engineering -- Ch. 11. Analysis Concepts and Principles -- Ch. 12. Analysis Modeling -- Ch. 13. Design Concepts and Principles -- Ch. 14. Architectural Design -- Ch. 15. User Interface Design -- Ch. 16. Component-Level Design -- Ch. 17. Software Testing Techniques -- Ch. 18. Software Testing Strategies -- Ch. 19. Technical Metrics for Software -- Pt. 4. Object-Oriented Software Engineering -- Ch. 20. Object-Oriented Concepts and Principles -- Ch. 21. Object-Oriented Analysis -- Ch. 22. Object-Oriented Design -- Ch. 23. Object-Oriented Testing -- Ch. 24. Technical Metrics for Object-Oriented Systems -- Pt. 5. Advanced Topics in Software Engineering -- Ch. 25. Formal Methods -- Ch. 26. Cleanroom Software Engineering -- Ch. 27. Component-Based Software Engineering -- Ch. 28. Client/Server Software Engineering -- Ch. 29. Web Engineering -- Ch. 30. Reengineering -- Ch. 31. Computer-Aided Software Engineering -- Ch. 32. The Road Ahead. | ||
| 650 | 0 | _aSoftware engineering. | |
| 942 | _cBK | ||